L'organisation des entreprises

Αποθηκεύτηκε σε:
Λεπτομέρειες βιβλιογραφικής εγγραφής
Κύριος συγγραφέας: O'Shaughnessy, John (auteur)
Μορφή: Βιβλίο
Γλώσσα:Γαλλικά
Έκδοση: París Dunod 1968
Σειρά:Initiation aux Nouveautés de la Science, 10
Θέματα:
Ετικέτες: Προσθήκη ετικέτας
Δεν υπάρχουν, Καταχωρήστε ετικέτα πρώτοι!

MARC

LEADER 00000nam a2200000 a 4500
001 UCR9553
003 CL-VaPUC
008 980613e19680000FR |||||||||||||||||fre|d
082 0 4 |a 658.1  |b OSH  |2 21 
100 |a O'Shaughnessy, John  |e auteur  |9 412215 
245 1 2 |a L'organisation des entreprises 
300 |a 194 p 
942 |c BK 
945 |d 19980613 00:00:00  |a cmena 
260 |a París  |b Dunod  |c 1968 
650 0 |a Administración de empresas   |9 260833 
650 7 |a PLANIFICACION Y CONTROL  |2 CL-VaPUC  |9 412216 
650 7 |a METAS  |2 CL-VaPUC  |9 341661 
650 7 |a ESTRUCTURA ADMINISTRATIVA  |2 CL-VaPUC  |9 268757 
650 0 |a Gestión   |9 260993 
650 0 |a Relaciones laborales   |9 335971 
650 7 |a METODOS DE ORGANIZACION  |2 CL-VaPUC  |9 412217 
583 |a last modification  |c 19980613 00:00:00  |k Rodrigo Vera 
490 0 |a Initiation aux Nouveautés de la Science, 10 
999 |c 270741  |d 270739 
952 |0 0  |1 0  |4 0  |6 658_100000000000000_OSH_1968  |7 0  |8 P  |9 305137  |a BIBGIM  |b BIBGIM  |d 2019-11-20  |i 1415891  |o 658.1 OSH 1968  |p 1415891  |r 2025-01-15  |w 2019-11-20  |y BK  |k COM